| 000 | 01500nam a2200337Ia 4500 | ||
|---|---|---|---|
| 001 | ebr10032435 | ||
| 003 | CaPaEBR | ||
| 006 | m u | ||
| 007 | cr cn||||||||| | ||
| 008 | 020717s2002 dcu sb 001 0 eng d | ||
| 010 | _z 2002110219 | ||
| 020 | _z0309082749 | ||
| 040 |
_aCaPaEBR _cCaPaEBR |
||
| 035 | _a(OCoLC)53471868 | ||
| 050 | 1 | 4 |
_aHQ799.2.I5 _bY68 2002eb |
| 245 | 0 | 0 |
_aYouth, pornography and the Internet _h[electronic resource] / _cDick Thornburgh and Herbert S. Lin, editors ; Committee to Study Tools and Strategies for Protecting Kids from Pornography and Their Applicability to Other Inappropriate Internet Content ; Computer Science and Telecommunications Board, National Research Council. |
| 260 |
_aWashington, D.C. : _bNational Academy Press, _cc2002. |
||
| 300 | _axxviii, 450 p. | ||
| 504 | _aIncludes bibliographical references and index. | ||
| 533 |
_aElectronic reproduction. _bPalo Alto, Calif. : _cebrary, _d2009. _nAvailable via World Wide Web. _nAccess may be limited to ebrary affiliated libraries. |
||
| 650 | 0 | _aInternet and teenagers. | |
| 650 | 0 | _aInternet and children. | |
| 650 | 0 |
_aInternet _xSecurity measures. |
|
| 650 | 0 | _aInternet pornography. | |
| 650 | 0 | _aParenting. | |
| 655 | 7 |
_aElectronic books. _2local |
|
| 700 | 1 | _aThornburgh, Dick. | |
| 700 | 1 | _aLin, Herbert. | |
| 710 | 2 | _aebrary, Inc. | |
| 856 | 4 | 0 |
_uhttp://site.ebrary.com/lib/rucke/Doc?id=10032435 _zAn electronic book accessible through the World Wide Web; click to view |
| 999 |
_c163938 _d163938 |
||